Configurations : (Record no. 200468087)

MARC details
000 -LEADER
fixed length control field 00902cam a2200265 i 4500
001 - CONTROL NUMBER
control field 200468087
003 - CONTROL NUMBER IDENTIFIER
control field TR-AnTOB
005 - DATE AND TIME OF LATEST TRANSACTION
control field 20260413165340.0
007 - PHYSICAL DESCRIPTION FIXED FIELD--GENERAL INFORMATION
fixed length control field ta
008 - FIXED-LENGTH DATA ELEMENTS--GENERAL INFORMATION
fixed length control field 260413s1982 xxu 001 0 eng d
040 ## - CATALOGING SOURCE
Original cataloging agency TR-AnTOB
Language of cataloging eng
Description conventions rda
Transcribing agency TR-AnTOB
Modifying agency TR-AnTOB
041 0# - LANGUAGE CODE
Language code of text/sound track or separate title İngilizce
050 14 - LIBRARY OF CONGRESS CALL NUMBER
Classification number PS648.S5
Item number C65 1982
090 ## - LOCALLY ASSIGNED LC-TYPE CALL NUMBER (OCLC); LOCAL CALL NUMBER (RLIN)
Classification number (OCLC) (R) ; Classification number, CALL (RLIN) (NR) PS648.S5
Local cutter number (OCLC) ; Book number/undivided call number, CALL (RLIN) C65 1982 TıpFaK
245 10 - TITLE STATEMENT
Title Configurations :
Remainder of title American short stories for the EFL classroom /
Statement of responsibility, etc. edited by David Queen.
264 #1 - PRODUCTION, PUBLICATION, DISTRIBUTION, MANUFACTURE, AND COPYRIGHT NOTICE
Place of production, publication, distribution, manufacture Washington :
Name of producer, publisher, distributor, manufacturer English Language Programs Division Bureau of Educ. and Cultural Affairs United States Inf. Agency,
Date of production, publication, distribution, manufacture, or copyright notice 1982.
300 ## - PHYSICAL DESCRIPTION
Extent 240 pages ;
Dimensions 23 cm
336 ## - CONTENT TYPE
Content type term text
Content type code txt
Source rdacontent
337 ## - MEDIA TYPE
Media type term unmediated
Media type code n
Source rdamedia
338 ## - CARRIER TYPE
Carrier type term volume
Carrier type code nc
Source rdacarrier
650 #0 - SUBJECT ADDED ENTRY--TOPICAL TERM
Topical term or geographic name entry element Short stories, American
9 (RLIN) 46151
700 1# - ADDED ENTRY--PERSONAL NAME
Personal name Queen, David D.,
Dates associated with a name 1947-
Relator term editor
9 (RLIN) 153621
942 ## - ADDED ENTRY ELEMENTS (KOHA)
Source of classification or shelving scheme Library of Congress Classification
Koha item type Book
Holdings
Withdrawn status Lost status Source of classification or shelving scheme Damaged status Not for loan Collection code Home library Current library Shelving location Date acquired Source of acquisition Inventory number Total Checkouts Full call number Barcode Date last seen Date shelved Koha item type Public note
    Library of Congress Classification Kullanılmış / Used Ödünç Verilemez-Kurumiçi kullanım / Not for loan-For inhouse use Genel Koleksiyon Tıp Fakültesi Medikal Kütüphane Tıp Fakültesi Medikal Kütüphane Genel Koleksiyon / Main Collection 13/04/2026 Bağış / Donation İDE   PS648.S5 C65 1982 TıpFaK TF03070 13/04/2026 13/04/2026 Book Donated by Prof. Dr. Şükrü Cin.
Devinim Yazılım Eğitim Danışmanlık tarafından Koha'nın orjinal sürümü uyarlanarak geliştirilip kurulmuştur.